01104nam a22002894a 4500001001100000003000800011006001900019007001500038008004100053010001700094020002800111040002100139035002100160050002400181082001200205100002600217245007500243260006500318300001100383504006400394533015200458650001600610655002900626710001700655856012500672999001700797ebr5004020CaPaEBRm u cr cn|||||||||990728s1999 enk sb 001 0 eng  z 99041632  z1853023590 (alk. paper) aCaPaEBRcCaPaEBR a(OCoLC)64690274414aBF121b.S883 1999eb04a1502211 aStuart-Hamilton, Ian.10aKey ideas in psychologyh[electronic resource] /cIan Stuart-Hamilton. aLondon ;aPhiladelphia, PA :bJ. Kingsley Publishers,c1999. a336 p. aIncludes bibliographical references (p. 322-329) and index. aElectronic reproduction.bPalo Alto, Calif. :cebrary,d2013.nAvailable via World Wide Web.nAccess may be limited to ebrary affiliated libraries. 0aPsychology. 7aElectronic books.2local2 aebrary, Inc.40uhttp://site.ebrary.com/lib/rucke/Doc?id=5004020zAn electronic book accessible through the World Wide Web; click to view c15698d15698